000 00647nam a2200253Ia 4500
003 OSt
005 20221007082357.0
006 a|||||r|||| 00| 0
007 ta
008 221006b |||||||| |||| 00| 0 eng d
024 _a7,843
037 _cTextual
040 _aFLL
_cFLL
_beng
041 _2eng
_aeng
082 _aY5927.2.N7, L8
110 _aGovt. of India
245 0 _aBrochure on reservation for scheduled castes and scheduled tribes in services
250 _a5th
260 _c1978
300 _a353p
_ccm.
700 _aGovt. of India
942 _hY5927.2.N7, L8
_cTEXL
_2CC
999 _c1166224
_d1166224